000 01330nam a2200313 i 4500
003 EG-GICUC
005 20260121101516.0
008 251217s1962 iq ||||fr|||| 00| 0 ara d
040 _a EG-GICUC
_bara
_c EG-GICUC
_d EG-GICUC
_erda
041 0 _aara
082 0 4 _221
_a343.30567
_bح م . د
092 0 4 _221
099 _aLaw1 10 343.30567 ح م . د 1962
100 0 _aحمودى الجاسم
_eمؤلف.
245 1 0 _a دراسه مقارنه فى أصول المحاكمات الجزائية.
_nالجزء الأول /
_cالدكتور حمودى الجاسم.
264 3 _aبغداد :
_bمطبعة العانى،
_c1962.
300 _a293 ؛صفحة
_c24 سم.
336 _2rda content
_atext
337 _2rda media
_aComputer
338 _2rda carrier
_aOnline Resource
500 _aطبع على نفقة الناشر الحاج أبو القاسم السكني تلفون83672 كل نسخة لايوجد عليها ختم المؤلف والناشر تعد مزوده
504 _a. 282-286 ببليوجرافيا: صفحات
546 _aالنص باللغة العربية
650 1 4 _aالتصرف فى التهمة بعد الاستدلال
650 1 4 _aالقانون الجنائي
856 4 0 _uhttps://fll.law.cu.edu.eg/fulltext/bks/B10-05625.pdf
905 _a77
942 _2ddc
_cBK
_e21
_n0
999 _c51138
_d51138